| 000 | 08607nam a22008177a 4500 | ||
|---|---|---|---|
| 005 | 20110421123134.0 | ||
| 008 | 110421t xxu||||| |||| 00| 0 eng d | ||
| 010 | _aENG-102267 B-445176-220 | ||
| 020 |
_a9780070700949 _c299.00 |
||
| 020 |
_a007070094x _c299.00 |
||
| 035 | _aEN-85800 B-445176-220 | ||
| 037 | _bDBAD / PUB | ||
| 040 |
_adpl _bEnglish |
||
| 082 | _a880 | ||
| 100 |
_aKoneru, Aruna _927410 |
||
| 245 |
_aEnglish language skills / _cby Aruna Koneru |
||
| 260 |
_aNew Delhi _bTata McGraw-Hill Publishing _c2011 |
||
| 270 |
_a7 West Patel Nagar _bNew Delhi _e110008 |
||
| 300 |
_axvi,491p. _c24cm (pbk) |
||
| 650 | _927411 | ||
| 650 | _927412 | ||
| 942 |
_adpl _cEN _2ddc _mKON _h880 |
||
| 999 |
_c51786 _d51786 |
||